| 000 | 00616nam a22001937a 4500 | ||
|---|---|---|---|
| 005 | 20251108164904.0 | ||
| 008 | 250721s1981 xx 000 0 ara d | ||
| 082 | 1 | 4 | _a962.02/محم |
| 100 | 1 | _aعبد المنعم، محمد فيصل | |
| 245 | 1 | 0 | _aمعارك الثورة العربية / |
| 264 | 1 |
_aالقاهرة : _bمؤسسة دار التعاون للطبع و النشر، _c1981. |
|
| 300 | _a209ص | ||
| 490 | 0 | _aكتاب التعاون السياسي | |
| 650 | 1 | 7 | _aتاريخ مصر |
| 650 | 1 | 7 | _aالتاريخ السياسي |
| 650 | 1 | 7 | _aالثورات |
| 942 |
_2ddc _cBK |
||
| 999 |
_c16742 _d16742 |
||